Statystyki dla Najdłuższe rzeki w Ameryce północnej

Kliknij tutaj aby rozwiązać quiz!

Ogólne statystyki

  • Ten quiz został rozwiązany 13 razy
  • Średni wynik to 5 z 10

Statystyki odpowiedzi

KmRzeka% Poprawnych
3544Missisipi
100%
3767Missouri
82%
3051Rio Grande
82%
3185Jukon
64%
2330Kolorado
64%
2000Kolumbia
55%
1600Mackenzie
45%
2334Arkansas
27%
1231Athabaska
9%
2080Red River
0%

Rozkład punktacji

Percentyl według liczby udzielonych odpowiedzi

Procent ludzi z każdym wynikiem

Twoja historia wyników

Nie rozwiązałeś tego quizu